| 000 | 00374cam a2200145ua 4500 | ||
|---|---|---|---|
| 041 |
_aeng _h |
||
| 082 |
_a823.308 _bPOE/PU |
||
| 100 | _aPoe, Esyan Allan . | ||
| 245 |
_aPurloind latten / _cEdyan allan Poe. _hTextual Documents |
||
| 260 |
_a : _bOxford english course supplimentry readers , _c1963. |
||
| 300 | _a32 ; . | ||
| 504 | _a | ||
| 942 | _cBK | ||
| 999 |
_c3444 _d3444 |
||